[Event "100 years Romania 2018"]
[Site "Alba Iulia"]
[Date "2018.11.12"]
[Round "1"]
[White "Svetushkin, Dmitry"]
[Black "Pop, Laurentius"]
[Result "1-0"]
[WhiteElo "2605"]
[BlackElo "1874"]
[Annotator "TA"]
[PlyCount "51"]
[EventDate "2018.11.12"]
[EventType "swiss"]
[EventCountry "ROU"]
[SourceTitle "playchess.com"]
[Source "ChessBase"]
[SourceQuality "1"]

{[%evp 16,51,29,17,20,24,76,27,55,58,64,50,58,37,78,63,78,91,188,182,199,175,224,220,397,248,473,370,654,367,1052,1078,1608,1585,2826,2683,29987,29988]} 1. d4 {CB} d5 2. c4 e6 3. Nc3 Nf6 4. cxd5 Nxd5 5. e4 Nxc3 6. bxc3 c5 7. a3 g6 {D35: Damengambit (Abtauschvariante)} 8. Nf3 Bg7 9. h4 {[%cal Bh2h4,Bh4h5][%mdl 32] LiveBook: 4 Partien} Qa5 $146 {Und weiter mit ...cxd4 wäre nett.Die Stellung ist ausgeglichen.} ({Vorgänger:} 9... Nc6 10. Be3 Qa5 11. Qd2 cxd4 12. cxd4 Qxd2+ 13. Kxd2 O-O 14. Bb5 Bd7 15. Rhd1 {1-0 (66) Nakamura,H (2786)-Kramnik,V (2793) London 2013 CBM 158 [CB]}) 10. Bd2 Bd7 (10... h5 $11) 11. a4 Nc6 12. h5 Qc7 {[%cal Rc5d4]} 13. Rc1 Na5 14. Bd3 Rc8 15. O-O $36 {[%mdl 2048] Weiss drückt.} O-O 16. e5 Rfe8 (16... Rfd8 $16) 17. Ng5 $18 c4 {[#]} 18. Bc2 $1 Bc6 19. Rb1 Rcd8 $2 (19... Nb3 {kämpft weiter.} 20. hxg6 (20. Bxb3 cxb3 21. hxg6 fxg6 $14) 20... hxg6) 20. Bf4 Bd5 $2 (20... h6) 21. Qg4 Qe7 $2 (21... h6 22. Nh3 (22. hxg6 hxg5 23. Bxg5 fxg6 $18) 22... g5) 22. Rfe1 Qf8 $2 {[#]} (22... h6 23. Nh3 (23. hxg6 hxg5 24. gxf7+ Qxf7 $16) (23. Nxf7 Kxf7 24. Qxg6+ Kf8 $16) 23... g5) 23. Nxh7 $1 {[%mdl 512]} Qe7 (23... Kxh7 24. hxg6+) 24. hxg6 f5 25. exf6 {jetzt f7+ und aus.} Bxf6 26. Nxf6+ {Precision: Weiß = 66%, Schwarz = 14%.} 1-0

[Event "100 years Romania 2018"]
[Site "Alba Iulia"]
[Date "2018.11.12"]
[Round "1"]
[White "Istratescu, Andrei"]
[Black "Muntoiu, Emanoil"]
[Result "1-0"]
[WhiteElo "2565"]
[BlackElo "1815"]
[Annotator "TA"]
[PlyCount "50"]
[EventDate "2018.11.12"]
[EventType "swiss"]
[EventCountry "ROU"]
[SourceTitle "playchess.com"]
[Source "ChessBase"]
[SourceQuality "1"]

{[%evp 10,50,97,89,85,61,88,87,131,126,127,114,121,112,131,148,212,202,349,343,312,324,343,344,344,336,333,336,327,187,177,169,154,149,597,576,569,549,1212,1211,1187,1183,29981]} 1. d4 g6 2. e4 Bg7 3. c4 c5 4. d5 d6 5. Nc3 f5 (5... Nf6 6. Nge2 O-O 7. Ng3 a6 8. a4 h5 9. Be2 e5 10. Bg5 Qe8 11. Qd2 Nbd7 12. a5 Nh7 13. Bh6 Rb8 14. Bxh5 Bxh6 15. Qxh6 b6 {0-1 (41) Ding,L (2774)-Carlsen,M (2837) Saint Louis 2017}) 6. exf5 {LiveBook: 3 Games. A43: Schmid Benoni} Bxf5 7. Nge2 {[%cal Bg1e2,Be2f4,Bf4e6][%mdl 32]} Nf6 8. Nf4 $146 {White is better.} ({Predecessor:} 8. Ng3 e5 9. Nxf5 gxf5 10. Qc2 Qd7 11. Be2 Na6 12. a3 Nc7 13. O-O {1-0 (37) Karner,C (2384)-Reitgruber,D (1968) Austria 2009}) 8... Qc8 9. Bd3 O-O 10. Bxf5 Qxf5 11. O-O Na6 12. Ne6 Rfc8 (12... Nb4 $16) 13. h3 $18 {[#] Threatens to win with g4.} Ne4 (13... Nd7 {is a better defense.} 14. Nxg7 Kxg7) 14. Nxe4 Qxe4 15. Re1 {[%cal Bf1e1,Be1e7,Be7g7][%mdl 32]} Qxc4 16. Nxg7 Kxg7 17. Rxe7+ Kg8 {[#]} 18. Qe1 $1 {[%cal Re1e6]} ({Not} 18. Rxb7 Rc7 $16) 18... Nc7 19. b3 (19. Bh6 $142 {Intending Rg7+ and mate.} Re8 20. Qe3) 19... Qd4 20. Rb1 Re8 21. Bb2 $40 {[%mdl 128] White goes for the king.} Qh4 $2 {[%mdl 8192]} (21... Qd3 $16 {is more resistant.} 22. Rc1 Kf8 23. Bg7+ (23. Bf6 Qf5 $14) 23... Kg8) 22. Rg7+ {White is clearly winning.} ({Weaker is} 22. Rxc7 Rxe1+ 23. Rxe1 Qg5 $16) 22... Kf8 23. Qc3 {Qf3+ would kill now.} ({Less strong is} 23. Rxc7 Rxe1+ 24. Rxe1 b5 $16) 23... Re7 24. Rxe7 Qxe7 25. Re1 Qf7 {Precision: White = 92%, Black = 33%.} 1-0

[Event "100 years Romania 2018"]
[Site "Alba Iulia"]
[Date "2018.11.12"]
[Round "1"]
[White "Manolache, Marius"]
[Black "Sandru, Nicolae"]
[Result "1-0"]
[WhiteElo "2518"]
[BlackElo "1800"]
[Annotator "TA"]
[PlyCount "77"]
[EventDate "2018.11.12"]
[EventType "swiss"]
[EventCountry "ROU"]
[SourceTitle "playchess.com"]
[Source "ChessBase"]
[SourceQuality "1"]

{[%evp 12,77,18,13,83,57,50,60,55,81,78,58,86,0,79,35,31,28,27,23,16,20,113,109,112,104,100,85,82,0,0,0,31,31,24,-264,-260,-247,-175,-170,-95,-136,-58,-89,261,273,249,256,225,160,249,160,154,153,525,505,523,510,465,314,1296,1281,1237,1142,10878,5489,29992,29993]} 1. d4 d5 2. Nf3 Nf6 3. c4 e6 4. e3 Be7 5. Bd3 Nbd7 6. Nbd2 c6 7. O-O {LiveBook: 181 Games} Bd6 {D30: Queen's Gambit Declined: Systems without Nc3} (7... O-O $11) (7... O-O 8. b3 b6 9. Bb2 Bb7 10. Rc1 Rc8 11. Qe2 c5 12. cxd5 Nxd5 13. Rfd1 cxd4 14. Nxd4 Rxc1 15. Rxc1 Nc5 16. Bb1 Bf6 17. Ne4 Nxe4 18. Bxe4 {1-0 (28) Buhmann,R (2612)-Mista,A (2589) Germany 2016}) 8. Re1 $146 ({Predecessor:} 8. e4 dxe4 9. Nxe4 Nxe4 10. Bxe4 h6 11. Bc2 O-O 12. Qd3 f5 13. Re1 Nf6 14. b3 Qc7 15. Bb2 {1-0 (59) Szabo,B (2333)-Jukic,M (1946) Pula 2012}) 8... O-O 9. e4 {e5 is the strong threat.} Nxe4 {White is slightly better.} 10. Nxe4 dxe4 11. Rxe4 Re8 12. Ng5 (12. Rh4 $16 h6 13. Be3) 12... g6 (12... h6 $11 13. Nxf7 Kxf7 14. Qh5+ Kf8 15. Bxh6 Nf6 16. Bxg7+ Kxg7 17. Rg4+ Nxg4 18. Qh7+ Kf8 19. Qh8+ Kf7 20. Qh7+ Kf8 21. Qh8+ Kf7 22. Qh7+ Kf8) 13. Qf3 (13. Rh4 $5 {[%cal Rh4h7]} Nf6 14. Bd2 $16) 13... Qf6 $1 14. Qe2 Qg7 15. Rh4 Nf8 16. Nf3 {With the idea Bh6.} f6 (16... h5 $11 {remains equal.}) 17. Bh6 $16 Qf7 18. c5 Bc7 19. Bc4 g5 20. Bxg5 ({White should play} 20. Re4 $16) 20... fxg5 $11 21. Nxg5 Qg7 {[#]} ({Don't play} 21... Qg6 $6 22. Bd3 $16) 22. Nxh7 $1 {[%mdl 512] And now Qh5 would win.} Ng6 $1 {[%cal Rg6h4]} (22... Nxh7 23. Rg4) 23. Rg4 $2 {[%mdl 8192]} (23. Qg4 $11 {and White has nothing to worry.} Rd8 24. Rh5) 23... Qxh7 $19 24. h4 Kh8 25. Bd3 {[#]} Rg8 (25... e5 $1 $19 26. Rxg6 e4) 26. Qf3 $17 {[#]} Qh6 (26... Bd7 $1 $17 {White must now prevent ...Raf8.} 27. Qf6+ Qg7 28. Rxg6 Qxf6 29. Rxf6 Kg7 30. Rg6+ Kf7) 27. Qf6+ Kh7 $2 {[%mdl 8192] [#]} (27... Qg7 $17 {stays on course.} 28. Rxg6 Qxf6 29. Rxf6 Rd8) 28. h5 $1 $18 {[%mdl 512]} Qxh5 29. Rh4 $1 $40 {[%cal Rh4h5][%mdl 128] White wants a kill.} Qxh4 30. Qxh4+ Kg7 31. Qg5 Kf7 {next ...Nf4 is good for Black.} 32. Qh5 Kf6 $2 (32... Rg7 $16 33. g3 Bd7) 33. Bxg6 $1 Rxg6 34. Qh8+ Kf7 35. Re1 Rg8 $2 (35... Bf4 36. Re4 Bc1) 36. Qh5+ Rg6 37. Re3 Kg7 38. Rh3 {White wants to mate with Qh8+.} Kf7 39. Qh7+ {Precision: White = 61%, Black = 28%.} 1-0

[Event "100 years Romania 2018"]
[Site "Alba Iulia"]
[Date "2018.11.12"]
[Round "1"]
[White "Tilicheev, Viacheslav"]
[Black "Veress, Armand"]
[Result "1-0"]
[WhiteElo "2509"]
[BlackElo "1799"]
[Annotator "TA"]
[PlyCount "53"]
[EventDate "2018.11.12"]
[EventType "swiss"]
[EventCountry "ROU"]
[SourceTitle "playchess.com"]
[Source "ChessBase"]
[SourceQuality "1"]

{[%evp 15,53,83,140,143,254,245,243,237,311,275,339,339,301,308,323,282,292,280,258,192,174,174,410,410,410,410,410,384,383,380,856,862,29985,2192,2132,2141,1765,1744,29990,29991]} 1. e4 d5 2. exd5 Qxd5 3. Nc3 Qd6 4. d4 c6 5. Nf3 Bg4 6. h3 {B01: Scandinavian Defence} (6. Be3 Nf6 7. h3 Bh5 8. g4 Bg6 9. Bg2 Nbd7 10. Nh4 e6 11. Qe2 Be7 12. O-O O-O 13. Nxg6 hxg6 {½-½ (45) Jones,G (2646)-Tiviakov,S (2569) Bunratty 2018}) 6... Bh5 7. g4 {[%cal Bg2g4,Bg4g5][%mdl 32]} Bg6 8. Ne5 Nf6 {LiveBook: 13 Games} ({Better is} 8... Nd7) 9. h4 $16 h5 $146 (9... Nd5 $16 {was worth a try.}) ({Predecessor:} 9... Nd5 10. Qe2 Nb4 11. Nxg6 hxg6 12. Ne4 Qc7 13. c4 Nd7 14. a3 {1-0 (34) Krause,P (2308)-Aberbach Peltzman,A (2089) LSS email 2013}) 10. Nxg6 $18 fxg6 11. g5 Nd5 12. Ne4 Qc7 13. c4 Nb6 14. Bh3 e5 15. O-O N8d7 16. Qf3 Be7 17. d5 cxd5 18. cxd5 {And now d6! would win.} Nxd5 $2 {[#]} (18... Rf8 19. Qb3 Qc4) 19. Rd1 N7b6 20. Be6 Rf8 21. Qb3 Nb4 22. Be3 Qc6 $2 (22... Qc2 23. Nd6+ (23. Bxb6 Rf4 $16) 23... Bxd6) 23. Bxb6 {[#] Black must now prevent Bd7+.} Qxb6 24. Qa4+ (24. Bd7+ $142 Kd8 25. Rac1 a6 26. Ba4+ Qd4 27. Rxd4+ exd4 28. a3 Rf3 29. Qxf3) 24... Nc6 25. Bd7+ Kd8 26. Bxc6+ Kc7 27. Rd7+ {Precision: White = 80%, Black = 38%.} 1-0

[Event "100 years Romania 2018"]
[Site "Alba Iulia"]
[Date "2018.11.12"]
[Round "1"]
[White "Visakh, N R"]
[Black "Pelin, Ana-Maria"]
[Result "1-0"]
[WhiteElo "2489"]
[BlackElo "1751"]
[Annotator "TA"]
[PlyCount "55"]
[EventDate "2018.11.12"]
[EventType "swiss"]
[EventCountry "ROU"]
[SourceTitle "playchess.com"]
[Source "ChessBase"]
[SourceQuality "1"]

{[%evp 11,55,18,36,18,24,16,12,9,36,0,0,0,0,4,0,-14,4,8,1,10,24,-33,-27,-20,-29,-48,-39,-27,37,41,33,-60,-50,-130,-123,-105,95,102,29985,29986,29994,29995,29995,29996,29996,29997]} 1. e4 c5 2. Nf3 e6 3. d4 cxd4 4. Nxd4 a6 5. Nc3 Qc7 6. Qf3 {B43: Sicilian: Kan Variation: 5 Nc3} (6. Bd3 Nf6 7. f4 Bb4 8. Bd2 Bxc3 9. Bxc3 Qxf4 10. Qe2 Nc6 11. Rf1 Qh4+ 12. g3 Qg4 13. Nxc6 dxc6 14. Rxf6 Qxe2+ 15. Kxe2 gxf6 16. Bxf6 {1-0 (32) Grischuk,A (2766)-Caruana,F (2816) Leuven 2018}) 6... d6 {LiveBook: 14 Games} 7. Bd3 Nd7 8. O-O {White has an edge.} Ngf6 9. Qg3 g6 10. Qh4 Bg7 11. Bh6 $146 ({Predecessor:} 11. a4 b6 12. Bg5 O-O 13. Rfd1 Bb7 {½-½ (33) Palladino,M (2066)-Galje,H (2202) ICCF email 2014}) 11... O-O $1 12. Bxg7 Kxg7 13. Kh1 Qc5 14. Nb3 Qc7 15. f4 b5 16. Ne2 (16. Rae1 $11) 16... Bb7 $36 {[%mdl 2048] Black has the initiative.} 17. Ng3 Qd8 18. Qh3 h5 19. f5 {Threatens to win with fxg6.} Qe7 (19... e5 $11) 20. Qh4 Rae8 21. Rae1 (21. fxg6 $14 fxg6 22. Qg5) 21... Ng4 {[#]} 22. Nxh5+ $1 {[%mdl 512]} gxh5 $17 23. Qxh5 Nge5 $2 {[#]} (23... Ngf6 $1 $17 {[%cal Rf6h5]} 24. Qg5+ Kh8) 24. Re3 $1 $16 {[%cal Re3h3,Be1e3,Be3g3,Bg3g6][%mdl 32] [#]} Rh8 $2 {[%mdl 8192]} (24... Ng6 $1 $16 {[%mdl 512]}) 25. Rg3+ {White mates.} Ng6 26. Rxg6+ $1 fxg6 27. Qxg6+ Kf8 28. fxe6+ {Precision: White = 44%, Black = 45%.} 1-0

[Event "100 years Romania 2018"]
[Site "Alba Iulia"]
[Date "2018.11.12"]
[Round "1"]
[White "Vilcu, Matei-Stefan"]
[Black "Fedorov, Alexei"]
[Result "0-1"]
[WhiteElo "1892"]
[BlackElo "2558"]
[Annotator "TA"]
[PlyCount "118"]
[EventDate "2018.11.12"]
[EventType "swiss"]
[EventCountry "ROU"]
[SourceTitle "playchess.com"]
[Source "ChessBase"]
[SourceQuality "1"]

{[%evp 21,118,37,43,15,36,35,41,35,35,32,43,40,115,116,129,116,122,122,120,128,124,109,150,71,87,37,34,31,104,108,106,93,115,118,132,94,114,26,119,110,120,0,10,4,46,41,49,39,120,40,37,25,77,74,83,0,0,0,0,0,0,-22,0,0,0,-4,0,-53,-54,-61,-27,-27,-25,-31,-22,-30,-21,-242,-259,-244,-233,-226,-229,-404,-383,-573,-571,-606,-604,-578,-571,-464,-8,-1796,-1695,-29973,-29975,-29969,-12229]} 1. e4 c5 2. Nf3 {[%cal Bg1f3,Bf3d2,Bd2f1,Bf1e3,Be3g2][%mdl 32]} Nc6 3. Nc3 e5 4. Bc4 Be7 5. d3 d6 6. Nd2 Nf6 7. Nf1 Bg4 8. f3 Be6 9. Ne3 O-O 10. O-O Nh5 {B30: Sicilian: 2...Nc6 3 Bb5, lines without ...g6} 11. Ncd5 (11. g3 Bg5 12. Ncd5 Bxe3+ 13. Bxe3 Ne7 14. Bg5 Bxd5 15. Bxd5 h6 16. Bxe7 Qxe7 17. f4 Nf6 18. Bb3 {½-½ (57) Bacrot,E (2725)-Yu,Y (2751) Riadh 2017}) 11... Bg5 {LiveBook: 8 Games} 12. c3 g6 $146 {The position is equal.} ({Predecessor:} 12... Rb8 13. a4 Ne7 14. Nxe7+ Qxe7 15. Bxe6 fxe6 16. g3 g6 17. Ng4 Bxc1 18. Qxc1 Nf6 19. Nxf6+ Qxf6 20. Qe3 {½-½ (20) Pazos Porta,A (2325)-Harika,D (2526) Abu Dhabi 2017}) 13. g3 {[%cal Bg2g3,Bg3g4][%mdl 32]} Bh3 14. Ng2 Bxc1 15. Qxc1 Kg7 16. Rf2 Qd7 ({Black should play} 16... Ne7 $14) 17. g4 $16 Bxg2 18. Rxg2 Nf4 19. Nxf4 exf4 20. Qxf4 Ne5 21. Rd1 f6 22. Bd5 (22. h4 $142) 22... g5 23. Qf5 {Strongly threatening d4.} Qe7 $1 24. d4 cxd4 (24... Ng6 $14) 25. Rxd4 Ng6 26. Rf2 Rae8 27. Bb3 Qc7 28. Ba4 Re7 29. Kh1 (29. Qb5 $16) 29... a6 {[#]} (29... Nf4 $1 $11 {keeps the balance.}) 30. Qd5 $1 Rd8 {aiming for ...Nf4.} 31. Bd1 (31. Bb3 $16) 31... Nf4 32. Qc4 Qa5 33. Rfd2 b5 34. Qb4 Qxa2 (34... Qb6 $14) 35. Rxd6 (35. Bb3 $16 a5 36. Bxa2 (36. Qxb5 Qb1+ 37. Bd1 Qc1 $16) 36... axb4 37. cxb4 (37. Rxd6 Rxd6 38. Rxd6 Ra7 $17)) 35... Rxd6 $14 36. Rxd6 {Black must now prevent Bb3.} Qc4 (36... Rf7 $11 {remains equal.}) 37. Qxc4 $16 bxc4 {[%mdl 4096] Endgame KRB-KRN} 38. b3 (38. Kg1 $16) 38... cxb3 $11 39. Bxb3 Rb7 40. Ba4 Rb2 41. Rd1 Ra2 42. Bb3 Rf2 43. Bc4 a5 44. Bb5 ({Better is} 44. Rd7+ $11 Kg6 45. Kg1 Rxf3 46. Bg8) 44... Rxf3 $15 45. Rc1 Rf2 46. c4 Nd3 47. Ra1 Ne5 {( -> ...Nf3)} 48. Kg1 $1 {[%cal Rg1f2]} Rc2 49. Rxa5 $2 (49. h3 $11) 49... Nf3+ $19 ({Inferior is} 49... Nxc4 50. Ra7+ Kf8 51. Rxh7 $11) ({Weaker is} 49... Nxg4 50. Ra7+ Kh6 51. Ra6 $15) 50. Kf1 Nxh2+ 51. Ke1 Nxg4 52. Bd7 $2 (52. Ra7+ {was called for.} Kh6 53. Ra6) 52... Ne5 53. Be6 (53. Ra7 {might work better.} Nxd7 54. Rxd7+ Kg6 55. e5) 53... g4 {[%cal Bg5g4,Bg4g3][%mdl 32]} 54. Kd1 Rh2 55. Ra3 h5 56. c5 h4 $2 {[#]} (56... Rg2 $19 {Hoping for ...h4.} 57. Ra8 h4) 57. Ke1 $2 {[%mdl 8192]} (57. Bxg4 $1 $11 {[%mdl 512]} Rh1+ (57... Nxg4 58. c6) 58. Kc2) 57... g3 {...Rh1+ is the strong threat.} 58. Kf1 Rf2+ 59. Ke1 Nf3+ {Precision: White = 38%, Black = 46%.} 0-1

[Event "100 years Romania 2018"]
[Site "Alba Iulia"]
[Date "2018.11.12"]
[Round "1"]
[White "Paraschiv, Petronela-Alexandra"]
[Black "Marin, Mihail"]
[Result "0-1"]
[WhiteElo "1860"]
[BlackElo "2555"]
[Annotator "TA"]
[PlyCount "80"]
[EventDate "2018.11.12"]
[EventType "swiss"]
[EventCountry "ROU"]
[SourceTitle "playchess.com"]
[Source "ChessBase"]
[SourceQuality "1"]

{[%evp 13,80,27,31,13,16,5,0,6,8,-21,-16,-33,-22,-32,-22,-45,-33,-33,0,-45,-43,-46,-22,-29,-24,-29,-22,-30,-23,-77,-79,-208,-202,-187,-185,-195,-217,-212,-197,-208,-210,-206,-187,-210,-113,-190,-196,-221,-245,-239,-218,-218,-222,-308,-292,-327,-323,-319,-318,-317,-310,-341,-328,-364,-356,-461,-407,-462,-476]} 1. c4 b6 2. Nc3 e6 3. g3 Bb7 4. Nf3 Bb4 5. Bg2 Bxc3 6. bxc3 {A10: Abarten von Holländisch, Damenindisch, Königsindisch (ohne d2-d4)} Ne7 7. O-O O-O {LiveBook: 3 Partien} 8. Ba3 {Weiß steht etwas besser.} d6 9. Rb1 $146 ({Vorgänger:} 9. Qb1 Ng6 10. c5 Na6 11. cxd6 cxd6 {1-0 (46) Leotard,C (2575)-Maillard,W (2470) ICCF corr 1998}) 9... c5 10. d3 Nbc6 11. Qc2 Qd7 12. Bb2 Rad8 13. Nd2 Na5 14. e4 f5 15. Rfe1 Ng6 16. Nb3 fxe4 17. Bxe4 Bxe4 18. Rxe4 Nc6 19. Rbe1 Rf6 20. d4 e5 21. Qd2 (21. Qe2 $11) 21... Qh3 $17 22. Qe2 (22. Bc1 $17 {war angesagt.}) 22... Rdf8 $19 23. Qf1 {[#]} Nf4 $1 {[%mdl 512] Und ...Th6 würde nun gewinnen.} 24. Bc1 (24. gxf4 Rg6+) 24... Qxf1+ 25. Rxf1 Nh3+ $40 {[%mdl 128] Weiss ist in Schwierigkeiten.} 26. Kg2 {zielt auf Le3 ab.} Rxf2+ ({Jedoch nicht} 26... Nxf2 27. Re2) 27. Rxf2 Nxf2 28. Re2 Ng4 ({Nicht} 28... exd4 29. Rxf2 Rxf2+ 30. Kxf2 $14) (28... Nd1 $19 29. d5 Ne7) 29. dxc5 (29. d5 $17 Nd8 30. h3) 29... dxc5 30. Nd2 Nf6 31. Nf3 Rd8 32. Bg5 h6 33. Bc1 Rd3 34. Bd2 Kf7 35. Ne1 Rd7 36. Nc2 Ke6 37. h3 Na5 38. Na3 {[#]} Ne4 $1 {[%mdl 512]} 39. Nb1 (39. Rxe4 Rxd2+) 39... Nd6 40. Bf4 Ndxc4 {Precision: Weiß = 25%, Schwarz = 67%.} 0-1

[Event "100 years Romania 2018"]
[Site "Alba Iulia"]
[Date "2018.11.12"]
[Round "1"]
[White "Mihalache, Paul-Stelian"]
[Black "Moiseenko, Vadim"]
[Result "0-1"]
[WhiteElo "1809"]
[BlackElo "2491"]
[Annotator "TA"]
[PlyCount "50"]
[EventDate "2018.11.12"]
[EventType "swiss"]
[EventCountry "ROU"]
[SourceTitle "playchess.com"]
[Source "ChessBase"]
[SourceQuality "1"]

{[%evp 23,50,39,45,47,48,35,48,25,39,30,42,0,66,62,85,29,64,-39,-47,-68,-60,-53,-56,-105,-105,-105,-105,-376,431]} 1. d4 Nf6 2. c4 c5 3. d5 b5 4. cxb5 a6 5. bxa6 g6 6. Nc3 Bg7 7. Nf3 O-O 8. g3 d6 9. Bg2 Nbd7 {A58: Benko/Volga Gambit: Lines with 5 bxa6} (9... Nxa6 10. O-O Bf5 11. Nh4 Bd7 12. b3 Qb6 13. Bd2 Rfb8 14. Re1 Nc7 15. Qc2 Ra3 16. Qc1 Qa7 17. e4 Ng4 18. h3 {0-1 (38) Li,C (2732)-Shankland,S (2671) Liaocheng 2018}) 10. O-O Ng4 11. Qc2 Bxa6 12. h3 Nge5 {LiveBook: 3 Games} 13. Nxe5 Nxe5 14. b3 Rb8 15. Rb1 Qa5 16. Bd2 Qa3 17. Bc1 Qb4 $146 (17... Qa5 $1 $11) 18. a3 $14 Qa5 19. Bb2 (19. Bd2 $16) 19... Rb7 20. Rfd1 (20. Ne4 $14) 20... Rfb8 $1 $15 21. Bc1 Nc4 $1 22. bxc4 {[#] Hoping for Rxb7.} Qxc3 23. Qxc3 Bxc3 24. Rxb7 Rxb7 25. Bf1 $2 {[%mdl 8192]} (25. Bg5 $17) 25... Rb2 $4 {[%mdl 40960] Precision: White = 35%, Black = 50%. . Loss on Time!?} (25... Rb1 $19 26. e4 Bb2) 0-1

[Event "100 years Romania 2018"]
[Site "Alba Iulia"]
[Date "2018.11.12"]
[Round "1"]
[White "Cepoiu, Mircea"]
[Black "Levin, Evgeny A."]
[Result "0-1"]
[WhiteElo "1788"]
[BlackElo "2523"]
[Annotator "TA"]
[PlyCount "62"]
[EventDate "2018.11.12"]
[EventType "swiss"]
[EventCountry "ROU"]
[SourceTitle "playchess.com"]
[Source "ChessBase"]
[SourceQuality "1"]

{[%evp 9,61,-37,-27,-28,0,0,0,-29,-29,-32,-35,-34,-33,-35,-42,-42,-50,-64,-64,-61,-61,-69,-70,-70,-64,-66,-58,-68,-52,-100,-41,-137,-152,-166,-148,-133,-127,-252,-260,-433,-437,-1041,-1069,-1056,-1063,-2871,-2612,-29996,-29997,-29997,-29998,-29998,-29999,-29999]} 1. e4 c5 2. Bc4 e6 3. Nc3 Nc6 4. d3 Nf6 5. Bg5 Be7 6. Nf3 {B20: Sicilian: Unusual White 2nd moves} (6. f4 h6 7. Bxf6 Bxf6 8. e5 Bh4+ 9. g3 Be7 10. Nf3 a6 11. a4 b6 12. O-O Bb7 13. Ne4 d5 {0-1 (60) To,N (2315)-Yang,H (2368) Kecskemet 2016}) 6... Qc7 7. h3 $146 ({Predecessor:} 7. Nb5 Qb8 8. Qd2 d6 9. Bf4 Bd7 10. O-O O-O 11. Rfe1 Ne8 12. d4 Qc8 13. e5 d5 {0-1 (50) Groulx,D-Paradis,M (1294) St Jean sur Richelieu 2004}) 7... a6 8. a3 {The position is equal.} b5 9. Ba2 O-O 10. O-O d6 11. Ne2 Bb7 12. Rc1 Rfd8 13. Qe1 d5 14. exd5 Nxd5 15. Bxd5 Rxd5 16. Bxe7 Nxe7 17. Ng3 Ng6 18. Qe2 Rad8 19. Ne4 {[#]} a5 ({Black should try} 19... f5 $1 $17 {[%cal Rf5e4]} 20. Ng3 R5d6) 20. g3 (20. Qe3 $15) 20... Qc6 $17 21. Kh2 h6 22. Rg1 c4 23. dxc4 (23. h4 $17 {might work better.}) 23... bxc4 $19 24. Nc3 $2 (24. Ned2 c3 25. bxc3) 24... Rf5 25. Nd2 {[#]} (25. Ne1 $142 Qb6 26. f3) 25... Rxd2 $1 {[%mdl 512]} 26. Qxd2 Ne5 {( -> ...Nf3+)} 27. Qd8+ Kh7 28. h4 Rxf2+ {Black mates.} 29. Kh3 {[#]} Qg2+ $1 {[%mdl 512]} 30. Rxg2 Bxg2+ 31. Kh2 Nf3# {Precision: White = 30%, Black = 81%.} 0-1

[Event "100 years Romania 2018"]
[Site "Alba Iulia"]
[Date "2018.11.12"]
[Round "1"]
[White "Balan, Briana-Cleopatra"]
[Black "Shishkin, Vadim"]
[Result "0-1"]
[WhiteElo "1725"]
[BlackElo "2456"]
[Annotator "TA"]
[PlyCount "68"]
[EventDate "2018.11.12"]
[EventType "swiss"]
[EventCountry "ROU"]
[SourceTitle "playchess.com"]
[Source "ChessBase"]
[SourceQuality "1"]

{[%evp 12,68,10,9,83,75,89,16,14,17,21,27,12,-11,0,6,24,12,16,3,34,0,0,0,0,0,28,0,35,0,16,0,42,8,16,0,12,-14,-13,-67,-62,-100,-100,-107,-104,-133,-126,-130,-125,-127,-119,-547,-552,-578,-561,-29975,-29971,-29984,-29985]} 1. e4 c5 2. c3 d5 3. exd5 Qxd5 4. d4 Nc6 5. Nf3 Nf6 6. Be3 cxd4 7. cxd4 {LiveBook: 187 Games. B22: Sicilian: 2 c3} (7. Nxd4 Nxd4 8. cxd4 e6 9. Nc3 Qd8 10. Bc4 Be7 11. O-O O-O 12. Rc1 Nd5 13. Bxd5 exd5 14. Qb3 Be6 15. Qxb7 {1-0 (37) Vachier Lagrave,M (2796)-Finegold,B (2483) chess.com INT 2017}) 7... Bf5 (7... Qa5+ $11 {keeps the balance.} 8. Nc3 e6) 8. Nc3 $16 Qa5 9. Bb5 $146 ({White should play} 9. Qb3 $16) ({Predecessor:} 9. Bc4 e6 10. O-O Be7 11. h3 O-O 12. Qe2 Rfd8 13. Rfd1 Nb4 14. a3 Nbd5 {0-1 (39) Ivanovic,M (1938)-Molenda,M (2416) Orlova 2017}) 9... e6 $1 $11 10. O-O Bb4 11. Bxc6+ bxc6 12. Na4 O-O {[%cal Bh8f8,Bf8d8,Bd8d5][%mdl 32]} 13. Ne5 Be4 14. a3 Be7 15. b4 Qa6 16. Nc5 Bxc5 $1 17. dxc5 Rfd8 18. Qb3 Rd5 19. Qc3 h6 (19... Nd7 {looks sharper.} 20. Nxd7 Rxd7 21. a4 Rad8 22. Qb2 Qd3) 20. Rfd1 (20. Rfe1 {is more complex.} Bf5 21. f3 Nd7 22. Nc4 Rd3 23. Qc1) 20... Rad8 21. Rxd5 Rxd5 22. Bd4 Bf5 23. f3 Rd8 24. Nc4 Nd5 {[%cal Bf6d5,Bd5f4,Bf4e2][%mdl 32]} 25. Qb3 (25. Qc1 $1 $11) 25... Nf4 $1 $15 26. Be5 Ne2+ 27. Kh1 {[#]} Rd3 $1 {[%cal Rd3b3]} 28. Qb2 {And now Nd6 would win.} Qxc4 29. Qxe2 f6 $36 {[%mdl 2048] Black has strong initiative.} 30. Bb2 Qd5 31. Qe1 $2 {[%mdl 8192] [#]} (31. Qf1 $17) 31... e5 $19 32. h3 e4 33. fxe4 Bxe4 34. Kg1 Rd2 {Precision: White = 22%, Black = 51%.} 0-1